Las mujeres Kennedy / (Record no. 37207)

MARC details
000 -LEADER
campo de control de longitud fija 00710nam a2200229 i 4500
001 - NÚMERO DE CONTROL
campo de control 37207
003 - IDENTIFICADOR DE NÚMERO DE CONTROL
campo de control ES-MaACL
005 - FECHA Y HORA DE LA ÚLTIMA TRANSACCIÓN
campo de control 20260129180907.0
007 - CAMPO FIJO DE DESCRIPCIÓN FÍSICA--INFORMACIÓN GENERAL
campo de control de longitud fija t|
008 - DATOS DE LONGITUD FIJA--INFORMACIÓN GENERAL
campo de control de longitud fija 030220s1972 sp ||||1| spa d
100 1# - ENTRADA PRINCIPAL--NOMBRE DE PERSONA
Nombre de persona Buck, Pearl S. (
Fechas asociadas al nombre 1892-1973)
9 (RLIN) 32316
245 14 - MENCIÓN DEL TÍTULO
Título Las mujeres Kennedy /
Mención de responsabilidad, etc. Pearl S. Buck ; [traducción de Ángela Pérez].
250 ## - MENCION DE EDICION
Mención de edición 1ª ed.
260 ## - PUBLICACIÓN, DISTRIBUCIÓN, ETC.
Lugar de publicación, distribución, etc. [Barcelona] :
Nombre del editor, distribuidor, etc. Dopesa,
Fecha de publicación, distribución, etc. 1972.
300 ## - DESCRIPCIÓN FÍSICA
Extensión 189 p., 14 lám. ;
Dimensiones 22 cm.
490 1# - MENCIÓN DE SERIE
Mención de serie Testimonio de actualidad ;
Designación de volumen o secuencia 17
600 34 - PUNTO DE ACCESO ADICIONAL DE MATERIA--NOMBRE DE PERSONA
Nombre de persona Kennedy (Familia)
9 (RLIN) 158701
700 1# - ENTRADA AGREGADA--NOMBRE PERSONAL
Nombre de persona Pérez Gómez, Ángela
9 (RLIN) 90555
830 1# - PUNTO DE ACCESO ADICIONAL DE SERIE-TÍTULO UNIFORME
Título uniforme Testimonio de actualidad
Designación de volumen o secuencia 17
9 (RLIN) 181695
852 4# - LOCALIZACIÓN
Ubicación ES-MaACL
Número de control de estantería C-42945
Holdings
Estatus retirado Estado de pérdida Estado de daño No para préstamo Biblioteca de origen Biblioteca actual Ubicación en estantería Fecha de adquisición Fuente de adquisición Total de préstamos Signatura topográfica completa Código de barras Visto por última vez Precio de reemplazo Tipo de ítem Koha
        Biblioteca del Ateneo de Madrid Biblioteca del Ateneo de Madrid Depósito 2 17/01/2008     C-42945 1039148 23/02/2023 23/02/2023 Libro impreso